000
00327 a2200133 4500
001
65837
040
_c
Anchieta - Pituba
100
_a
Fagundes, Benício
240
1
0
_a
1ª Avaliação de Matemática, 8º ano
_l
por
245
1
0
_a
1ª Avaliação de Matemática, 8º ano
362
0
_a
2018
650
4
_a
Matemática
942
_c
BK
999
_c
65837
_d
65837